| 000 | 01531nam0a2200337 4500 | ||
|---|---|---|---|
| 001 | RU\NLR\BIBL_A\022601562 | ||
| 005 | 20260408231529.0 | ||
| 010 |
_a978-5-93700-192-4 _9200 |
||
| 035 | _a(NLR Aleph) 022601562 | ||
| 090 |
_a13506363 _c13506363 |
||
| 100 | _a20250814d2025 u y0rusy50 ca | ||
| 101 | 1 |
_arus _ceng |
|
| 102 | _aRU | ||
| 105 | _aac z 001yy | ||
| 181 | 0 |
_ai _baxxe |
|
| 182 | 0 | _an | |
| 200 | 1 |
_aГлубокое обучение в JAX _e[для программистов средней квалификации на языке Python] _fГригорий Сапунов _gпер. с англ. А. В. Снастина |
|
| 203 |
_aТекст _bвизуальный _cнепосредственный |
||
| 210 |
_aМосква _cДМК Пресс _d2025 |
||
| 215 |
_a525 с. _cил., табл., портр. _d24 |
||
| 300 | _aЗагл. и авт. ориг.: Deep Learning with JAX / Grigory Sapunov | ||
| 300 | _aНа задней сторонке пер. авт.: Сапунов Г. – канд. техн. наук | ||
| 320 | _aПредм. указ.: с. 513–525 | ||
| 454 | 0 |
_12001#$aDeep Learning with JAX$fGrigory Sapunov _1700#1$aSapunov$bG.$gGrigory _tDeep Learning with JAX _aSapunov, Grigory |
|
| 606 |
_aJAX, библиотека машинного обучения _92690451 _3RU\NLR\AUTH\6601763973 |
||
| 686 | 1 | _aЗ973.23-018 | |
| 700 | 1 |
_aСапунов _bГ. _gГригорий |
|
| 942 | _cBOOK | ||
| 980 | _aNB | ||